| 000 | 00707nam a2200241 a 4500 | ||
|---|---|---|---|
| 001 | BRL_162 | ||
| 005 | 20190320210620.0 | ||
| 008 | 191012s1956----sz-o######---#000-0#ger-u | ||
| 041 | _ager | ||
| 044 | _asz | ||
| 050 | 4 |
_aF1201 _b.I53 1956 |
|
| 245 | 1 | 0 |
_aIndios _cfotos von Werner Bischof, Robert Frank, Pierre Verger ; einleitung von Manuel Tuñon de Lara. |
| 260 |
_aSuiza _bRobert Delpire _c1956 |
||
| 300 |
_a77 p. _bil. _c30 cm. |
||
| 500 | _aAu211 | ||
| 650 | 1 | 4 |
_aIndigenas _xVida social y costumbres _923076 |
| 700 | 1 |
_aBischof, Werner _923077 |
|
| 700 | 1 |
_aFrank, Robert _923078 |
|
| 700 | 1 |
_aVerger, Pierre _923079 |
|
| 700 | 1 |
_aTuñon de Lara, Manuel _92637 |
|
| 902 | _aGRL | ||
| 942 |
_2lcc _cB |
||
| 999 |
_c8975 _d8975 |
||